Medidas coercitivas y tutela de los derechos

Detalles Bibliográficos
Autor principal: Chiarloni, Sergio
Formato: eBook
Lenguaje:español
Publicado: Lima : Palestra Editores, 2005
Materias:
Acceso en línea:Acceso restringido

MARC

LEADER 00000nam a22000007a 4500
005 20120702184920.0
007 cr|||| ||||
008 120702s2005 pe |||||s|||| 00||0 spa d
020 |a  9972-733-96-3 
035 |a 6421 
040 |a vLex 
090 |c 3258  |d 3258 
100 1 |a Chiarloni, Sergio 
245 1 0 |a Medidas coercitivas y tutela de los derechos  |h [Recurso electrn̤icos] /  |c Sergio Chiarloni  
256 |a Servicio en ln̕ea 
260 |a Lima :  |b Palestra Editores,   |c 2005 
300 |a 1 recurso electrn̤ico 
506 1 |a Contenido solo disponible en los productos indicados  |d vLex Global   |d vLex Global (Academic Edition, excluding Law Schools)   |d vLex Global (U.S. Academic Edition, Law Schools)   |d vLex Global (U.S. Academic Edition, excluding Law Schools)   |d vLex Global (Academic Edition, Law Schools)  
650 0 4 |a Sanciones (derecho internacional) 
740 0 |a vLex Libros (Servicio en ln̕ea) 
856 4 0 |u http://vlex.com/source/medidas-coercitivas-tutela-derechos-6421  |z Acceso restringido 
942 |c BOOK 
999 0 |a Sanctions (International law)